Parole Un ange frappe à ma porte - Statistiques

Statistiques générales
  • Ce quiz a été pris 17 fois
  • Le résultat moyen est 205 sur 248
Statistiques - réponses
Réponse % Correct
A
100%
à
100%
a
100%
ange
100%
Ce
100%
en
100%
faute
100%
frappe
100%
je
100%
Je
100%
la
100%
le
100%
Le
100%
les
100%
ma
100%
ne
100%
n'est
100%
pas
100%
porte
100%
que
100%
Si
100%
si
100%
toujours
100%
Un
100%
un
100%
de
94%
De
94%
entrer
94%
Est-ce
94%
Il
94%
laisse
94%
me
94%
par
94%
sont
94%
ça
81%
demande
81%
diable
81%
Et
81%
et
81%
moi
81%
parler
81%
qui
81%
une
81%
y
81%
Attirée
75%
danger
75%
lui
75%
cassées
69%
choses
69%
coeur
69%
dans
69%
mon
69%
Des
63%
l'autre
63%
lumière
63%
mes
63%
peau
63%
se
63%
suis
63%
va
63%
âme
56%
ces
56%
d'autre
56%
d'eau
56%
enfant
56%
jamais
56%
mal
56%
nuit
56%
sens
56%
verre
56%
cache
50%
c'est
50%
derrière
50%
dors
50%
étoiles
50%
J'me
50%
l'enfer
50%
lever
50%
noie
50%
place
50%
prend
50%
Quelqu'un
50%
quelqu'un
50%
signe
50%
soleil
50%
yeux
50%
arme
44%
forte
44%
L'amour
44%
larme
44%
masque
44%
Nettoyer
44%
gâchées
38%
l'alcool
38%
paille
38%
rêves
38%
rie
38%
roses
38%
Tout
38%
faille
31%
fanent
31%
mot
31%
fil
25%
vide
25%
vrai
25%
met
19%
Aucun quiz correspondant
Distribution des résultats
% des personnes avec chaque résultat
Percentile par nombre de réponses
Votre historique - résultats
Vous n’avez pas pris ce quiz